000 00376nam a2200157Ia 4500
008 240729s9999 xx 000 0 und d
022 _a2475-4455
245 0 _aPlant Direct
260 _aUnited States
260 _bWiley
650 _a Botany
650 _aScience
856 _uhttps://doaj.org/toc/6f4e823be1ad40709ae07e75ea382c2d
942 _2ddc
942 _cDOAJEJ
999 _c72698
_d72698
945 _a1
_bMadushi Gamage
_c1
_dMadushi Gamage